000 00952nam a22003017a 4500
001 BR9703746
003 BR-BrBNA
005 20230928095703.0
007 ta
008 230509b bl.||||| |||| 00| 0 por d
040 _aBR-BrBNA
_bpor
_cBiblioteca Nacional de Agricultura
041 _a(Por)
072 _aF30; F60
_b1190
090 _ 1190 BR9703746
100 1 _aSebbenn, A.M.
110 1 _aEscola Superior de Agricultura Luiz de Queiroz, Piracicaba, SP (Brasil)
_0Tese (Mestre em Ciencias)
245 1 _aEstrutura genetica de subpopulacoes de Genipa americana L. (Rubiaceae)a partir de isoenzimas
260 3 _aPiracicaba, SP (Brasil):
_c1997.
300 _a107 p.
500 _aBibliography p. 91-100; 38 tables; Summaries (Eng, Por)
650 _aJenipapo
650 _aVariacao Genetica
650 _aEletroforese
650 _aAtividade Enzimica
650 _aGenotipo
909 _a202309
_bLucia
_c55
_dLucia Elande
942 _cBK
999 _c58091
_d58091